| 000 | 00928nam0a22002411 4500 | ||
|---|---|---|---|
| 001 | rc\3155743 | ||
| 005 | 20120615104430.6 | ||
| 021 |
_aRU _b76-88109 |
||
| 035 | _a(NLR Aleph) 007299217 | ||
| 090 |
_a5692426 _c5692426 |
||
| 100 | _a20120615d1976 |||y0rusy50 ca | ||
| 101 | 0 | _arus | |
| 102 | _aRU | ||
| 105 | _aa j ||||| | ||
| 200 | 1 |
_aИзбранные труды по генетике и селекции кур _fАНСССР. Науч. совет по проблемам генетики и селекции. Всесоюз. о-во генетиков и селекционеров им. Н.И. Вавилова |
|
| 210 |
_aМосква _cНаука _d1976 |
||
| 215 |
_a404 с., 2 л. ил. _cил. _d23 |
||
| 700 | 1 |
_aСеребровский _bА. С. _f1892-1948 _gАлександр Сергеевич |
|
| 801 | 0 |
_aRU _bNLR _gpsbo |
|
| 801 | 1 |
_aRU _bELAR _2rusmarc |
|
| 852 |
_aNLR _j78-5/436 |
||
| 942 | _cBOOK | ||
| 980 | _aNB | ||